Documento firmado el 14 de noviembre de 1862. (Record no. 4809)

MARC details
000 -CABECERA
campo de control de longitud fija 01151nam a2200265 a 4500
001 - NÚMERO DE CONTROL
campo de control BRCA_5115
005 - FECHA Y HORA DE LA ÚLTIMA TRANSACCIÓN
campo de control 20190320204939.0
008 - DATOS DE LONGITUD FIJA--INFORMACIÓN GENERAL
campo de control de longitud fija 191110s1862----mx-######v---#000-0#spa-#
041 ## - CÓDIGO DE LENGUA
Código de lengua del texto/banda sonora o título independiente spa
044 ## - CÓDIGO DEL PAÍS DE LA ENTIDAD EDITORA/PRODUCTORA
Código MARC del país mx
084 ## - OTRO NÚMERO DE CLASIFICACIÓN
Número de clasificación DOC115
Número de documento/Ítem .D63
-- 1862
245 10 - MENCIÓN DE TÍTULO
Título Documento firmado el 14 de noviembre de 1862.
260 ## - PUBLICACIÓN, DISTRIBUCIÓN, ETC.
Lugar de publicación, distribución, etc. México
Fecha de publicación, distribución, etc. 1862
300 ## - DESCRIPCIÓN FÍSICA
Extensión [2] fojas
Dimensiones 32 x 20 cm.
500 ## - NOTA GENERAL
Nota general Documento expedido por el Ministro de Prusia residente en México solicitando a las autoridades civiles y militares el Paso libre de Manuel P. Madrid con destino al Mineral del Oro y Guanajuato.
500 ## - NOTA GENERAL
Nota general Contiene sello con el emblema del reino de Prusia y lema: ´KOENIGL. PREUSSISCHE MINISTER-RESIDENTUR ZU MEXICO´.
500 ## - NOTA GENERAL
Nota general El documento contiene la leyenda DOC. #279.
506 0# - NOTA DE RESTRICCIONES AL ACCESO
Limitaciones de acceso Fondo Reservado. Para su consulta es necesario credencial de usuario y carta de motivos.
546 ## - NOTA DE LENGUA/LENGUAJE
Nota de lengua/lenguaje Texto en: español de mediados del siglo XIX.
650 14 - PUNTO DE ACCESO ADICIONAL DE MATERIA--TÉRMINO DE MATERIA
Término de materia o nombre geográfico como elemento de entrada Relaciones internacionales
Subdivisión general Historia
9 (RLIN) 13051
651 #4 - PUNTO DE ACCESO ADICIONAL DE MATERIA--NOMBRE GEOGRÁFICO
Nombre geográfico México
Subdivisión general Historia
Subdivisión cronológica Constitución y reforma, 1855-1863
9 (RLIN) 13052
700 1# - PUNTO DE ACCESO ADICIONAL--NOMBRE DE PERSONA
Nombre de persona Madrid, Manuel P.
9 (RLIN) 13053
902 ## - CATALOGADOR
Iniciales FDH
942 ## - ELEMENTOS DE PUNTO DE ACCESO ADICIONAL (KOHA)
Fuente del sistema de clasificación o colocación Library of Congress Classification
Tipo de ítem Koha Documentos
Holdings
Estado de retiro Estado de pérdida Estado dañado No para préstamo Localización permanente Ubicación/localización actual Fecha de adquisición Total de préstamos Signatura topográfica completa Código de barras Fecha visto por última vez Precio válido a partir de Tipo de ítem Koha
El ejemplar forma parte de la colección y puede ser consultado según las políticas vigentes.       Biblioteca del Museo Franz Mayer (Rogerio Casas-Alatriste) Biblioteca del Museo Franz Mayer (Rogerio Casas-Alatriste) 19/11/2010   DOC115 .D63 1862 5341 22/03/2019 22/03/2019 Documentos